Régions d'Italie Carte quiz - Statistiques

Statistiques générales
  • Ce quiz a été pris 214 fois
  • Le résultat moyen est 13 sur 20
Réponses sur la Carte
Les réponses sont colorées sur une échelle allant du rouge au vert en fonction du pourcentage des utilisateurs qui les ont devinées à leur premier essai. Vous pouvez retrouver ces pourcentages ci-dessous.
 
Statistiques - réponses
Réponse % Correct
Sardaigne
97%
Sicile
93%
Toscane
82%
Latium
76%
Pouilles
74%
Piémont
72%
Vallée d'Aoste
72%
Calabre
71%
Lombardie
69%
Vénétie
69%
Ligurie
66%
Emilie-Romagne
63%
Campanie
61%
Frioul-Vénétie Julienne
60%
Trentin-Haut-Adige
58%
Basilicata
49%
Ombrie
47%
Marches
44%
Molise
42%
Abruzzes
39%
Aucun quiz correspondant
Distribution des résultats
% des personnes avec chaque résultat
Percentile par nombre de réponses
Votre historique - résultats
Vous n’avez pas pris ce quiz